00538nam a2200181 a 4500001000800000005001700008008004100025010001700066020001500083040001300098041000800111080001700119082002100136100000600157101000800163245011900171504006600290352990420180223082528.0960213s1995 gaua b 001 0 eng  a 96114926  a0915099683 aDLCcDLC aeng a616.13206 FC00a616.13206 FC220 a3 aSHM00aHigh blood pressure lowered naturally :cby the editors of FC&A ; [editors, Linda M. Sciullo and Sherryl D. Wade]. aIncludes bibliographical references (p. [517]-536) and index.